Prénom les plus donnés en France en 2024 (fille) - Statistiques

Statistiques générales
  • Ce quiz a été pris 201 fois
  • Le résultat moyen est 4 sur 10
Statistiques - réponses
Nombre Prénom % Correct
2520 Emma
77%
3125 Louise
62%
3055 Jade
50%
2110 Anna
38%
2200 Alice
30%
2660 Alba
29%
2220 Rose
28%
2815 Ambre
25%
2380 Alma
21%
2260 Romy
18%
Aucun quiz correspondant
Distribution des résultats
% des personnes avec chaque résultat
Percentile par nombre de réponses
Votre historique - résultats
Vous n’avez pas pris ce quiz